Podmienka - otvorené dvere pre kapitál. E. Jurzyca píše z Georgtown University vo Washingtone.

Závislosť hospodárskeho rastu malých krajín od stupňa otvorenia ekonomiky, zapojenia sa do medzinárodného obchodu a schopnosti pritiahnuť zahraničných investorov, ako aj stupňa transformácie ekonomiky. Pohľad na hospodárstvo SR z týchto a ďalších aspektov (suverenita, pravdivý obraz, pozitívny príst...

Descripción completa

Guardado en:
Detalles Bibliográficos
Autor principal: Jurzyca, Eugen
Formato: Capítulo de libro
Lenguaje:eslovaco
Materias:
Etiquetas: Agregar Etiqueta
Sin Etiquetas, Sea el primero en etiquetar este registro!

MARC

LEADER 00000naa a2200000 4500
001 r013102
005 20221214064919.3
041 0 |a slo 
044 |a SK 
245 1 0 |a Podmienka - otvorené dvere pre kapitál.  |b E. Jurzyca píše z Georgtown University vo Washingtone.  |c Eugen Jurzyca 
520 |a Závislosť hospodárskeho rastu malých krajín od stupňa otvorenia ekonomiky, zapojenia sa do medzinárodného obchodu a schopnosti pritiahnuť zahraničných investorov, ako aj stupňa transformácie ekonomiky. Pohľad na hospodárstvo SR z týchto a ďalších aspektov (suverenita, pravdivý obraz, pozitívny prístup). 
610 2 0 |a rast hospodársky 
610 2 0 |a hospodárstvo otvorené 
610 2 0 |a investície zahraničné 
610 2 0 |a transformácia 
610 2 0 |a Slovensko 
100 1 |a Jurzyca, Eugen